| 000 | 01021nam a2200121Ia 4500 | ||
|---|---|---|---|
| 008 | 180225s1989 CNT 000 0 und d | ||
| 245 | 1 | 0 | _aDivisions and Authority Claims in Babism (1850-1866) |
| 520 | 3 | _aThis is a continuation of the author's "Hierarchy, Authority, and Eschatology in Early Bábí Thought", in In Iran (Studies in Bábí and Bahá'í History ; v.3). MacEoin deals with the succession to the Báb, the claims by individuals to theophanic status in the period immediately following the Báb's execution, and the growing ascendancy and claims of Bahá'u'lláh. MacEoin concludes that the Báb fully intended Mírzá Yahyá Subh-i-Azal to be his successor, that he did not predict a succeeding Manifestation to arise for several centuries, and that Bahá'u'lláh's claims represent an extreme form of Shi'i and Bábí theophany. | |
| 690 | _aBABISM | ||
| 700 | 1 | _aMacEoin, Denis | |
| 773 |
_tStudia Iranica (Paris) _g18, 93-129 |
||
| 856 | 4 | 1 |
_3PDF _ainternal-pdf://1422943099/maceoin_authority_claims_babism.pdf |
| 999 |
_c23759 _d23759 |
||